|
|
|
|
| LEADER |
00000nam0a2200000 4500 |
| 001 |
197335 |
| 005 |
20231101224740.0 |
| 035 |
|
|
|a (RuTPU)RU\TPU\book\215241
|
| 090 |
|
|
|a 197335
|
| 100 |
|
|
|a 20110609d1904 km y0rusy50 ca
|
| 101 |
0 |
|
|a ger
|
| 102 |
|
|
|a DE
|
| 105 |
|
|
|a z 000zy
|
| 200 |
1 |
|
|a Berichte über einzelne Gebiete der angewandten physikalischen Chemie
|d Доклады об отдельных областях прикладной физической химии
|
| 210 |
|
|
|a Berlin
|c Deutscher Verlag
|d 1904
|
| 215 |
|
|
|a 100 с.
|
| 510 |
1 |
|
|a Доклады об отдельных областях прикладной физической химии
|z eng
|
| 606 |
1 |
|
|a Физическая химия
|2 stltpush
|3 (RuTPU)RU\TPU\subj\67669
|9 83390
|
| 610 |
1 |
|
|a химия
|
| 610 |
1 |
|
|a прикладные проблемы
|
| 610 |
1 |
|
|a немецкий язык
|
| 675 |
|
|
|a 544
|v 3
|
| 801 |
|
1 |
|a RU
|b 63413507
|c 20110609
|
| 801 |
|
2 |
|a RU
|b 63413507
|c 20230222
|g RCR
|
| 942 |
|
|
|c BK
|